| 000 | 00921nam a2200241 i 4500 | ||
|---|---|---|---|
| 001 | 69698 | ||
| 003 | ES-MaACL | ||
| 005 | 20230906170602.0 | ||
| 007 | t| | ||
| 008 | 040709s1987 sp ||||1| spa d | ||
| 020 | _a84-505-6028-4 | ||
| 100 | 1 |
_aGarcía García, José-Frutos. _954662 |
|
| 245 | 1 | 0 |
_aSalud y medio ambiente _b: estrategias para la planificación regional / _cJosé-Frutos García García, Marina Hernández Paz. |
| 260 |
_aMadrid : _bComunidad, Consejería de Salud y Bienestar Social, Instituto Regional de Estudios, _c[1987] |
||
| 300 |
_a238 p. : _bmap. ; _c21 cm. |
||
| 490 | 1 |
_aInformes técnicos ; _v3 |
|
| 504 | _aBibliografía. | ||
| 700 | 1 |
_aHernández Paz, Marina. _963017 |
|
| 710 | 1 |
_aMadrid (Comunidad Autónoma). _bConsejería de Salud y Bienestar Social. _95607 |
|
| 830 | 0 |
_aInformes técnicos ; _v3 _9183284 |
|
| 852 |
_aES-MaACL _jG-10831 _bR.114841 |
||
| 999 |
_c69698 _d69698 |
||